Wrapp'n delights : enterprise development project / (Record no. 4777)
[ view plain ]
| 000 -LEADER | |
|---|---|
| fixed length control field | 01193nam a22002897a 4500 |
| 003 - CONTROL NUMBER IDENTIFIER | |
| control field | OSt |
| 005 - DATE AND TIME OF LATEST TRANSACTION | |
| control field | 20260310010605.0 |
| 008 - FIXED-LENGTH DATA ELEMENTS--GENERAL INFORMATION | |
| fixed length control field | 260305b |||||||| |||| 00| 0 eng d |
| 040 ## - CATALOGING SOURCE | |
| Language of cataloging | English. |
| Transcribing agency | CvSU-CCAT Campus Library. |
| Description conventions | rda. |
| 050 ## - LIBRARY OF CONGRESS CALL NUMBER | |
| Classification number | UM HD 62.7 |
| Item number | W73 2024 |
| 245 ## - TITLE STATEMENT | |
| Title | Wrapp'n delights : enterprise development project / |
| Statement of responsibility, etc. | Bryanne Kylie C. Cosme [and three others]. |
| 260 ## - PUBLICATION, DISTRIBUTION, ETC. | |
| Place of publication, distribution, etc. | Rosario, Cavite : |
| Name of publisher, distributor, etc. | Cavite State University-CCAT Campus, |
| Date of publication, distribution, etc. | 2024. |
| 300 ## - PHYSICAL DESCRIPTION | |
| Extent | xvi, 94 leaves : |
| Other physical details | illustrations ; |
| Dimensions | 28 cm |
| 500 ## - GENERAL NOTE | |
| General note | Enterprise Development Project (BSBA) -- Cavite State University-CCAT Campus, 2024. |
| 504 ## - BIBLIOGRAPHY, ETC. NOTE | |
| Bibliography, etc. note | Includes bibliographical references and appendices. |
| 546 ## - LANGUAGE NOTE | |
| Language note | In English text |
| 650 #0 - SUBJECT ADDED ENTRY--TOPICAL TERM | |
| Topical term or geographic name entry element | Entrepreneurship |
| 9 (RLIN) | 136 |
| 650 ## - SUBJECT ADDED ENTRY--TOPICAL TERM | |
| Topical term or geographic name entry element | Small Business -- Management |
| 9 (RLIN) | 8827 |
| 650 ## - SUBJECT ADDED ENTRY--TOPICAL TERM | |
| Topical term or geographic name entry element | Food service -- Marketing |
| 9 (RLIN) | 18816 |
| 650 ## - SUBJECT ADDED ENTRY--TOPICAL TERM | |
| Topical term or geographic name entry element | Social media in Marketing |
| 9 (RLIN) | 18817 |
| 650 ## - SUBJECT ADDED ENTRY--TOPICAL TERM | |
| Topical term or geographic name entry element | Business planning |
| 9 (RLIN) | 154 |
| 700 ## - ADDED ENTRY--PERSONAL NAME | |
| Personal name | Oquindo, John Elbert M., author. |
| 9 (RLIN) | 18818 |
| 700 ## - ADDED ENTRY--PERSONAL NAME | |
| Personal name | Plomos, Fatima Mae V., author. |
| 9 (RLIN) | 18819 |
| 700 ## - ADDED ENTRY--PERSONAL NAME | |
| Personal name | Santos, Rhea Lee A., author. |
| 9 (RLIN) | 18820 |
| 942 ## - ADDED ENTRY ELEMENTS (KOHA) | |
| Source of classification or shelving scheme | Library of Congress Classification |
| Koha item type | Thesis/Manuscripts/Dissertations |
| Classification part | HD 62.7 W73 2024 |
| Call number prefix | UM |
| Withdrawn status | Lost status | Source of classification or shelving scheme | Damaged status | Not for loan | Collection code | Home library | Current library | Shelving location | Date acquired | Coded location qualifier | Total Checkouts | Full call number | Barcode | Date last seen | Copy number | Price effective from | Koha item type |
|---|---|---|---|---|---|---|---|---|---|---|---|---|---|---|---|---|---|
| Library of Congress Classification | Thesis/Manuscript/Dissertation | Cavite State University - CCAT Campus | Cavite State University - CCAT Campus | TH | 01/20/2026 | UM | UM HD 62.7 W73 2024 | T0005634 | 03/05/2026 | 1 | 03/05/2026 | Thesis/Manuscripts/Dissertations |
